| 000 | 00524 a2200169 4500 | ||
|---|---|---|---|
| 999 |
_c7640 _d7640 |
||
| 010 | _aENG-88100 | ||
| 020 |
_a8186852573 _c125.00 |
||
| 035 | _aEN-71633 | ||
| 037 | _bDBAD / PUB | ||
| 082 | 1 | 4 | _a000 |
| 100 | 1 | _aGopalakrishnan, K.V. | |
| 245 | 1 |
_aA treasury of quiz : _bquestions & answers / _cby K.V.Gopalakrishnan |
|
| 260 |
_aChennai _bEast West Books (Madras) _c2000 |
||
| 270 |
_a62-A, Ormes Raod, Kilpauk, _bChennai _e600 010 |
||
| 300 |
_axii, 157 p. _c21 cm (Pbk) |
||
| 942 |
_adpl _cEN _2ddc _h000 _mGOP |
||